| Tag |
First Indicator |
Second Indicator |
Subfields |
| LEADER |
00000cai a2200000 i 4500 |
| 001 |
in00004548821 |
| 008 |
070326c20069999miuuu d o i 0 2eng d |
| 006 |
m o d |
| 007 |
cr cnn|||||||| |
| 005 |
20230119143146.7 |
| 019 |
|
|
|a 741559500
|
| 035 |
|
|
|a (OCoLC)86424587
|
| 040 |
|
|
|a IYU
|b eng
|e rda
|c IYU
|d FNP
|d OCLCF
|d OCLCO
|d OCLCQ
|d OCLCO
|d ELW
|d OCLCO
|d OCL
|d CTB
|d WLM
|d HCO
|d MEU
|d TOF
|d WAU
|d TFW
|d OCLCQ
|d OCLCO
|
| 049 |
|
|
|a TXAM
|
| 050 |
1 |
4 |
|a L11
|b .E58 Online
|
| 082 |
1 |
4 |
|a [E]
|
| 245 |
0 |
0 |
|a Gale OneFile.
|p Educator's reference complete.
|
| 246 |
3 |
0 |
|a Educator's reference complete
|
| 247 |
1 |
0 |
|a Educator's reference complete
|f <Jan. 18, 2019->
|
| 264 |
|
1 |
|a Farmington Hills, Michigan :
|b Gale, a Cengage Company
|
| 300 |
|
|
|a 1 online resource
|
| 336 |
|
|
|a text
|b txt
|2 rdacontent
|
| 337 |
|
|
|a computer
|b c
|2 rdamedia
|
| 338 |
|
|
|a online resource
|b cr
|2 rdacarrier
|
| 362 |
1 |
|
|a Began in 2006.
|
| 506 |
|
|
|a Access is restricted to subscribed users.
|
| 520 |
|
|
|a A collection of peer-reviewed, full-text articles in HTML and PDF format covering issues related to education at all levels; intended primarily for academic researchers. This collection is part of the larger Academic Onefile database.
|
| 588 |
0 |
|
|a Contents viewed on September 20, 2019; title from search page.
|
| 650 |
|
7 |
|a Education.
|2 fast
|0 (OCoLC)fst00902499
|
| 650 |
|
7 |
|a Education
|x Periodicals.
|2 fast
|0 (OCoLC)fst00902717
|
| 655 |
|
7 |
|a databases.
|2 aat
|
| 655 |
|
7 |
|a indexes (reference sources)
|2 aat
|
| 655 |
|
7 |
|a Databases.
|2 fast
|0 (OCoLC)fst01411643
|
| 655 |
|
7 |
|a Indexes.
|2 fast
|0 (OCoLC)fst01423761
|
| 655 |
|
7 |
|a Periodicals.
|2 fast
|0 (OCoLC)fst01411641
|
| 655 |
|
7 |
|a Databases.
|2 lcgft
|
| 655 |
|
7 |
|a Indexes.
|2 lcgft
|
| 655 |
|
7 |
|a Bases de données.
|2 rvmgf
|
| 655 |
|
7 |
|a Index.
|2 rvmgf
|
| 650 |
|
0 |
|a Education
|v Indexes.
|
| 655 |
|
4 |
|a Electronic reference sources.
|
| 710 |
2 |
|
|a Thomson Gale (Firm)
|
| 773 |
0 |
|
|t Academic OneFile
|w (OCoLC)73141845
|
| 856 |
4 |
0 |
|u http://proxy.library.tamu.edu/login?url=http://coral.library.tamu.edu/resourcelink.php?resource=16170
|y Connect to the full text of this electronic resource
|t 0
|
| 948 |
|
|
|h NO HOLDINGS IN TXA - 56 OTHER HOLDINGS
|
| 999 |
f |
f |
|s 4522176e-62dd-4675-bbd5-20320b092cd0
|i 53b6eb7a-afa5-4a3c-b3ae-08addbffa03a
|t 0
|
| 952 |
f |
f |
|a Texas A&M University
|b College Station
|c Electronic Resources
|d Available Online
|t 0
|e L11 .E58
|g Electronic
|h Library of Congress classification
|
| 998 |
f |
f |
|a L11 .E58
|t 0
|l Available Online
|